000 00443cam a2200181ua 4500
020 _c7.75
041 _aeng
_h
082 _a636.5
_bDEO/RO
100 _aDeo, P.G .
245 _aRoundworms of poultry /
_cP.G.Deo.
_hTextual Documents
250 _a1 /
_b.
260 _aNew Delhi :
_bIndian Council for Agricultural Research ,
_c1964.
300 _a146 ; .
365 _a7.75
504 _a
942 _cBK
999 _c2061
_d2061